[Event "Czech Open GM 2019"]
[Site "Pardubice"]
[Date "2019.07.23"]
[Round "5.6"]
[White "Demidov, Mikhail"]
[Black "Koustav Chatterjee"]
[Result "1-0"]
[WhiteElo "2546"]
[BlackElo "2430"]
[Annotator "ChessBase"]
[PlyCount "93"]
[EventDate "2019.07.19"]
[EventType "swiss"]
[EventCountry "CZE"]
[SourceTitle "playchess.com"]
[Source "ChessBase"]
[SourceQuality "1"]

1. d4 Nf6 2. c4 e6 3. Nc3 Bb4 4. e3 O-O 5. Nf3 d5 6. Bd2 b6 7. cxd5 exd5 8. Bd3 Bb7 9. O-O a6 10. Ne5 Bd6 11. f4 c5 12. Rf3 b5 13. Rh3 g6 14. Be1 cxd4 15. exd4 Qb6 16. Bf2 Nc6 17. Qd2 Rad8 18. f5 Qc7 19. Nxc6 Bxc6 20. Qg5 Ne4 21. Qh6 f6 22. Bxe4 dxe4 23. fxg6 b4 24. Ne2 Bb5 25. Bg3 Qg7 26. gxh7+ Kh8 27. Qxg7+ Kxg7 28. Bxd6 Rxd6 29. Nf4 Bd7 30. h8=Q+ Rxh8 31. Rxh8 Kxh8 32. d5 Rb6 33. Rc1 Rb7 34. Kf2 Kg7 35. Ke3 Kf7 36. Kxe4 Ke7 37. Kd4 Kd6 38. Nd3 f5 39. Ne5 Bb5 40. Nc4+ Bxc4 41. Rxc4 Rh7 42. Rc6+ Kd7 43. Rxa6 Rxh2 44. Rg6 Rh1 45. Kc5 Ra1 46. Rb6 Rxa2 47. Rb7+ 1-0

[Event "Czech Open GM 2019"]
[Site "Pardubice"]
[Date "2019.07.23"]
[Round "5.6"]
[White "Erenberg, Ariel"]
[Black "Kutynec, Vladimir"]
[Result "1-0"]
[WhiteElo "2442"]
[BlackElo "2252"]
[Annotator "NA"]
[PlyCount "77"]
[EventDate "2019.07.19"]
[EventType "swiss"]
[EventCountry "CZE"]
[SourceTitle "playchess.com"]
[Source "ChessBase"]
[SourceQuality "1"]

1. d4 Nf6 2. c4 e6 3. Nc3 d5 4. cxd5 exd5 5. Bg5 c6 6. e3 Qb6 7. Qc2 Ne4 8. Bf4 Bf5 9. Bd3 Na6 10. a3 Qa5 11. Qa4 Qb6 12. Nxe4 Bxe4 13. Bxe4 dxe4 14. b4 Nc7 15. Qc2 Ne6 16. Ne2 f5 17. g4 Qb5 18. Be5 Ng5 19. gxf5 O-O-O 20. O-O-O a5 21. Nc3 Qc4 22. Na2 Qd5 23. f6 axb4 24. axb4 Rd7 25. Qa4 Bd6 26. fxg7 Rhd8 27. Bf6 Nf3 28. Bxd8 Rxd8 29. Kb2 b5 30. Qb3 Qg8 31. Nc3 Qxg7 32. Nxe4 Qg2 33. Qe6+ Kc7 34. Ra1 Ng5 35. Nxg5 Qxf2+ 36. Kb3 Qd2 37. Rhd1 Qxb4+ 38. Kc2 Rf8 39. Ne4 1-0

[Event "Czech Open GM 2019"]
[Site "Pardubice"]
[Date "2019.07.23"]
[Round "5.7"]
[White "Matviishen, Viktor"]
[Black "Nguyen, Piotr"]
[Result "1/2-1/2"]
[WhiteElo "2495"]
[BlackElo "2420"]
[Annotator "TA"]
[PlyCount "88"]
[EventDate "2019.07.19"]
[EventType "swiss"]
[EventCountry "CZE"]
[SourceTitle "playchess.com"]
[Source "ChessBase"]
[SourceQuality "1"]

1. d4 Nf6 2. c4 e6 3. Nf3 Bb4+ 4. Nbd2 O-O 5. g3 b6 6. Bg2 Bb7 7. O-O Be7 8. Qc2 d5 9. Ne5 c5 10. dxc5 Bxc5 11. cxd5 Qc7 12. Nec4 exd5 13. Ne3 d4 14. Nf5 Bxg2 15. Kxg2 Nc6 16. Nf3 Qb7 17. a3 a5 18. Kg1 g6 19. Bg5 Nd7 20. Nh6+ Kh8 21. Qe4 f6 22. Bf4 f5 23. Qd3 Rae8 24. e3 dxe3 25. Qc3+ Nf6 26. fxe3 Qg7 27. Ng5 Re7 28. Qc4 Nh5 29. b4 Nxf4 30. bxc5 Ne2+ 31. Qxe2 Qxh6 32. Qb2+ Ne5 33. h4 bxc5 34. Rad1 Qg7 35. Qb6 Nc4 36. Qxc5 Nxe3 37. Rfe1 Rfe8 38. Rd3 Ng4 39. Rxe7 Qxe7 40. Qxa5 h6 41. Qc3+ Kg8 42. Qc4+ Kf8 43. Nf3 Rb8 44. Rb3 Rxb3 1/2-1/2

[Event "Czech Open GM 2019"]
[Site "Pardubice"]
[Date "2019.07.23"]
[Round "5.7"]
[White "Kacharava, Nikolozi"]
[Black "Jasny, Stanislav"]
[Result "1-0"]
[WhiteElo "2431"]
[BlackElo "2345"]
[Annotator "TA"]
[PlyCount "129"]
[EventDate "2019.07.19"]
[EventType "swiss"]
[EventCountry "CZE"]
[SourceTitle "playchess.com"]
[Source "ChessBase"]
[SourceQuality "1"]

1. e4 c5 2. Nf3 Nc6 3. d4 cxd4 4. Nxd4 Nf6 5. Nc3 e6 6. Ndb5 Bc5 7. Nd6+ Ke7 8. Bf4 e5 9. Nf5+ Kf8 10. Bg5 d6 11. Ne3 Be6 12. Qd2 h6 13. Bxf6 Qxf6 14. Ncd5 Bxd5 15. Nxd5 Qg5 16. Rd1 Qxd2+ 17. Rxd2 Rd8 18. Bc4 Ne7 19. Ne3 g6 20. g4 Ng8 21. Ke2 Nf6 22. f3 Bxe3 23. Kxe3 Ke7 24. h3 Nh7 25. Bd5 b6 26. Rf1 Ng5 27. f4 exf4+ 28. Rxf4 Ne6 29. Rf1 g5 30. Rf5 f6 31. Bxe6 Kxe6 32. Rdf2 Rhf8 33. Kd4 Rc8 34. b4 Rf7 35. a4 Rg8 36. a5 h5 37. Rb5 Rb7 38. Rbf5 Rf7 39. Rb5 Rb7 40. gxh5 Rh8 41. Rbf5 Rf7 42. h4 Rxh5 43. hxg5 Rxg5 44. a6 Rg1 45. Rf1 Rg2 46. R5f2 Rg4 47. c4 Rg5 48. Rh2 Rg4 49. Rh5 Rg2 50. Rfh1 Rfg7 51. Rh7 R7g3 52. R7h2 Rxh2 53. Rxh2 Rg1 54. Rh7 Rd1+ 55. Kc3 Re1 56. Rxa7 Rxe4 57. Ra8 Re3+ 58. Kb2 Kf5 59. Rd8 Re7 60. Rxd6 Ke5 61. Rxb6 Kd4 62. Kb3 Re3+ 63. Ka4 f5 64. a7 Re1 65. Kb5 1-0

[Event "Czech Open GM 2019"]
[Site "Pardubice"]
[Date "2019.07.23"]
[Round "5.8"]
[White "Kraus, Tomas"]
[Black "Horvath, Dominik"]
[Result "1/2-1/2"]
[WhiteElo "2486"]
[BlackElo "2424"]
[Annotator "ChessBase"]
[PlyCount "82"]
[EventDate "2019.07.19"]
[EventType "swiss"]
[EventCountry "CZE"]
[SourceTitle "playchess.com"]
[Source "ChessBase"]
[SourceQuality "1"]

1. e4 e5 2. Nf3 Nc6 3. Bc4 Bc5 4. O-O Nf6 5. d4 Bxd4 6. Nxd4 Nxd4 7. f4 d6 8. fxe5 dxe5 9. Bg5 Be6 10. Na3 Rg8 11. c3 Bxc4 12. Nxc4 Ne6 13. Bxf6 gxf6 14. Qf3 Qe7 15. Qxf6 Qxf6 16. Rxf6 Ke7 17. Rh6 Rg4 18. Re1 Rag8 19. g3 Ng5 20. Nxe5 Rxe4 21. Rxe4 Nxe4 22. Rxh7 Rd8 23. Rh4 Rd1+ 24. Kg2 f5 25. Rh7+ Kf6 26. Nd7+ Ke6 27. Nf8+ Ke5 28. Re7+ Kf6 29. Rxc7 Rd2+ 30. Kf3 Rf2+ 31. Ke3 Rxb2 32. g4 Rxh2 33. Nh7+ Ke6 34. Nf8+ Ke5 35. Re7+ Kf6 36. Rxb7 Nxc3 37. Nd7+ Kg5 38. gxf5 Kxf5 39. Rxa7 Rxa2 40. Rxa2 Nxa2 41. Ne5 Kxe5 1/2-1/2

[Event "Czech Open GM 2019"]
[Site "Pardubice"]
[Date "2019.07.23"]
[Round "5.8"]
[White "Meleshko, Volodymyr"]
[Black "Piesik, Piotr"]
[Result "1-0"]
[WhiteElo "2270"]
[BlackElo "2421"]
[Annotator "NA"]
[PlyCount "53"]
[EventDate "2019.07.19"]
[EventType "swiss"]
[EventCountry "CZE"]
[SourceTitle "playchess.com"]
[Source "ChessBase"]
[SourceQuality "1"]

1. e4 c5 2. Nc3 Nc6 3. d3 e6 4. g3 d6 5. Bg2 g6 6. Be3 Bg7 7. Qd2 Rb8 8. Nf3 Nd4 9. Bxd4 cxd4 10. Nb5 Qb6 11. Qb4 Kd7 12. e5 dxe5 13. Nd2 a5 14. Qa4 Kd8 15. Nc4 Qa6 16. Qa3 Bd7 17. Nbd6 Nh6 18. Nxa5 Kc7 19. Qc5+ Bc6 20. Ndxb7 Rxb7 21. Bxc6 Bf8 22. Qxe5+ Bd6 23. Bxb7 Qb6 24. Qxh8 Qxa5+ 25. c3 Kxb7 26. Qxd4 Nf5 27. Qe4+ 1-0

[Event "Czech Open GM 2019"]
[Site "Pardubice"]
[Date "2019.07.23"]
[Round "5.9"]
[White "Gagare, Shardul"]
[Black "Polschikov, Alexey"]
[Result "1/2-1/2"]
[WhiteElo "2476"]
[BlackElo "2375"]
[Annotator "ChessBase"]
[PlyCount "86"]
[EventDate "2019.07.19"]
[EventType "swiss"]
[EventCountry "CZE"]
[SourceTitle "playchess.com"]
[Source "ChessBase"]
[SourceQuality "1"]

1. e4 e5 2. Bc4 Nf6 3. d3 c6 4. Nf3 d5 5. Bb3 Bb4+ 6. Bd2 Bxd2+ 7. Nbxd2 Nbd7 8. O-O O-O 9. Re1 d4 10. c3 c5 11. cxd4 cxd4 12. Qc2 Ne8 13. Rec1 Qe7 14. Nc4 Kh8 15. Na5 f6 16. a3 Qd8 17. Qd2 Nd6 18. Qb4 Nb8 19. Rxc8 Nxc8 20. Bd5 Na6 21. Qxb7 Qxa5 22. Qxa8 Nc7 23. Qb7 Nxd5 24. exd5 Qb6 25. Qxb6 Nxb6 26. Rc1 Nxd5 27. g3 Rd8 28. Rc5 Kg8 29. Nd2 Kf7 30. Nc4 Rd7 31. Kf1 g5 32. Ke2 g4 33. Rc6 Ke7 34. Kd2 h5 35. Ra6 Rb7 36. b4 Nc7 37. Rc6 Nb5 38. Kc2 Rc7 39. Rxc7+ Nxc7 40. a4 a6 41. Kb3 Ke6 42. Nb6 Kd6 43. Kc4 Kc6 1/2-1/2

[Event "Czech Open GM 2019"]
[Site "Pardubice"]
[Date "2019.07.23"]
[Round "5.9"]
[White "Mullick, Raahil"]
[Black "Dobrowolski, Piotr"]
[Result "0-1"]
[WhiteElo "2211"]
[BlackElo "2418"]
[Annotator "NA"]
[PlyCount "72"]
[EventDate "2019.07.19"]
[EventType "swiss"]
[EventCountry "CZE"]
[SourceTitle "playchess.com"]
[Source "ChessBase"]
[SourceQuality "1"]

1. e4 e6 2. d4 d5 3. Nc3 Nf6 4. e5 Nfd7 5. f4 c5 6. Nf3 Nc6 7. Be3 Be7 8. Qd2 O-O 9. Be2 a6 10. O-O b5 11. a3 Qb6 12. Nd1 Bb7 13. Kh1 a5 14. c3 f5 15. exf6 Nxf6 16. dxc5 Bxc5 17. Bxc5 Qxc5 18. Qe3 Ne4 19. Nd4 Nxd4 20. cxd4 Qb6 21. Nf2 b4 22. Nxe4 dxe4 23. Rac1 Rad8 24. Rfd1 Rf5 25. Bg4 Rf7 26. Rc5 Rd5 27. Rdc1 Qd6 28. h3 Re7 29. Qxe4 h5 30. Be2 Rg5 31. Rc8+ Kf7 32. Qe3 Rxg2 33. Bxh5+ g6 34. R8c6 Bxc6 35. Rxc6 Qxc6 36. Bf3 Rg3 0-1

[Event "Czech Open GM 2019"]
[Site "Pardubice"]
[Date "2019.07.23"]
[Round "5.10"]
[White "Punin, Andrii"]
[Black "Kozak, Adam"]
[Result "0-1"]
[WhiteElo "2305"]
[BlackElo "2475"]
[Annotator "ChessBase"]
[PlyCount "88"]
[EventDate "2019.07.19"]
[EventType "swiss"]
[EventCountry "CZE"]
[SourceTitle "playchess.com"]
[Source "ChessBase"]
[SourceQuality "1"]

1. e4 e5 2. Nf3 Nc6 3. Nc3 Nf6 4. d4 exd4 5. Nxd4 Bc5 6. Be3 Bb6 7. Qd2 Ng4 8. Nxc6 bxc6 9. Bd4 d6 10. f3 Ne5 11. Bxe5 dxe5 12. Qxd8+ Kxd8 13. Bc4 Ke7 14. Ke2 Rd8 15. Rhd1 Rd6 16. Na4 g6 17. b4 f5 18. Rxd6 Kxd6 19. Nxb6 cxb6 20. a4 a5 21. c3 Bd7 22. Ra2 Kc7 23. Ke3 f4+ 24. Kf2 g5 25. h3 h5 26. bxa5 Rxa5 27. Bf7 Bc8 28. Bxh5 Be6 29. Rc2 Rxa4 30. Bg4 Bxg4 31. hxg4 b5 32. Ke2 Kb6 33. Rb2 Ka5 34. Rd2 Ra3 35. Rc2 Ka4 36. Rc1 c5 37. Rd1 Rxc3 38. Rd5 b4 39. Kd2 Rc4 40. Rxe5 b3 41. Re8 b2 42. Rb8 Ka3 43. e5 Rb4 44. Rxb4 cxb4 0-1

[Event "Czech Open GM 2019"]
[Site "Pardubice"]
[Date "2019.07.23"]
[Round "5.10"]
[White "Dushyant Sharma"]
[Black "Salimova, Nurgyul"]
[Result "1-0"]
[WhiteElo "2168"]
[BlackElo "2416"]
[Annotator "NA"]
[PlyCount "81"]
[EventDate "2019.07.19"]
[EventType "swiss"]
[EventCountry "CZE"]
[SourceTitle "playchess.com"]
[Source "ChessBase"]
[SourceQuality "1"]

1. e4 e5 2. Nf3 Nc6 3. Bb5 a6 4. Ba4 Nf6 5. O-O b5 6. Bb3 Bc5 7. c3 d6 8. d4 Bb6 9. a4 Rb8 10. a5 Ba7 11. h3 O-O 12. Be3 Ra8 13. Re1 h6 14. Nbd2 Re8 15. Nf1 exd4 16. cxd4 Rxe4 17. Ng3 Re7 18. Qd2 Qf8 19. Rac1 Bd7 20. Rc2 d5 21. Rec1 Re6 22. Ne5 Nxe5 23. dxe5 Bxe3 24. Qxe3 c6 25. f4 Qb4 26. Qf3 Rae8 27. Re2 Nh7 28. Bc2 Nf8 29. Bf5 R6e7 30. Qg4 Kh8 31. Bxd7 Rxd7 32. Rxc6 d4 33. Nh5 g6 34. Nf6 Rde7 35. Qh4 Kg7 36. Nd5 Qb3 37. Qf6+ Kg8 38. Nxe7+ Rxe7 39. Qxe7 Qd1+ 40. Kh2 Qxe2 41. Rc8 1-0

[Event "Czech Open GM 2019"]
[Site "Pardubice"]
[Date "2019.07.23"]
[Round "5.11"]
[White "Martinez Alcantara, Jose Eduardo"]
[Black "Hollan, Martin"]
[Result "1-0"]
[WhiteElo "2601"]
[BlackElo "2416"]
[Annotator "TA"]
[PlyCount "91"]
[EventDate "2019.07.19"]
[EventType "swiss"]
[EventCountry "CZE"]
[SourceTitle "playchess.com"]
[Source "ChessBase"]
[SourceQuality "1"]

1. e4 c5 2. Nf3 Nc6 3. d4 cxd4 4. Nxd4 Nf6 5. Nc3 g6 6. Bc4 Bg7 7. Nxc6 dxc6 8. Qxd8+ Kxd8 9. e5 Nd7 10. Bxf7 Nxe5 11. Bb3 Rf8 12. O-O h6 13. Be3 Ng4 14. Rad1+ Ke8 15. Bc5 Rf5 16. Ba3 g5 17. h3 Ne5 18. Rfe1 Ng6 19. Ne4 Re5 20. Bb4 Bf5 21. Ng3 Rxe1+ 22. Rxe1 Bd7 23. c3 b6 24. Bc2 Ne5 25. c4 Bh8 26. Nh5 Rd8 27. f4 gxf4 28. Nxf4 Kf7 29. Bc3 Nxc4 30. Bg6+ Kg8 31. Bxh8 Kxh8 32. Rxe7 Rf8 33. g3 Bf5 34. b3 Nd6 35. Rxa7 Kg8 36. Kg2 Rf6 37. Bxf5 Nxf5 38. Kf3 Rd6 39. g4 Ng7 40. a4 Kf8 41. Ra6 Rf6 42. Kg3 h5 43. Nxh5 Nxh5+ 44. gxh5 Ke7 45. Rxb6 Kd6 46. Rb7 1-0

[Event "Czech Open GM 2019"]
[Site "Pardubice"]
[Date "2019.07.23"]
[Round "5.11"]
[White "Iliaguev, Daniel"]
[Black "Menezes, Christoph"]
[Result "0-1"]
[WhiteElo "2053"]
[BlackElo "2413"]
[Annotator "NA"]
[PlyCount "68"]
[EventDate "2019.07.19"]
[EventType "swiss"]
[EventCountry "CZE"]
[SourceTitle "playchess.com"]
[Source "ChessBase"]
[SourceQuality "1"]

1. g3 g6 2. Bg2 Bg7 3. c4 Nf6 4. Nc3 O-O 5. e3 e6 6. Nge2 d5 7. b3 Re8 8. O-O dxc4 9. bxc4 e5 10. d4 exd4 11. exd4 c6 12. h3 Nbd7 13. Qb3 Nb6 14. Bg5 Be6 15. d5 cxd5 16. cxd5 Nfxd5 17. Bxd8 Nxc3 18. Qxc3 Bxc3 19. Nxc3 Raxd8 20. Rfd1 Rxd1+ 21. Rxd1 Rc8 22. Ne4 h6 23. Rb1 Bxa2 24. Ra1 Rc2 25. Nd6 a5 26. Nxb7 a4 27. Be4 Rb2 28. Nc5 a3 29. Kg2 f5 30. Bd3 Bd5+ 31. Kf1 a2 32. Ke1 Kf8 33. Kd1 Rxf2 34. Be2 Rh2 0-1

[Event "Czech Open GM 2019"]
[Site "Pardubice"]
[Date "2019.07.23"]
[Round "5.12"]
[White "Van Foreest, Jorden"]
[Black "Barua, Dibyendu"]
[Result "1-0"]
[WhiteElo "2612"]
[BlackElo "2393"]
[Annotator "ChessBase"]
[PlyCount "79"]
[EventDate "2019.07.19"]
[EventType "swiss"]
[EventCountry "CZE"]
[SourceTitle "playchess.com"]
[Source "ChessBase"]
[SourceQuality "1"]

1. e4 e6 2. d4 d5 3. Nc3 Nf6 4. e5 Nfd7 5. f4 c5 6. Nf3 Nc6 7. Be3 a6 8. Ne2 Qb6 9. Rb1 cxd4 10. Nexd4 Nc5 11. c3 Nxd4 12. Bxd4 Qc7 13. b4 Ne4 14. Bd3 Bd7 15. c4 a5 16. a3 axb4 17. axb4 Ra3 18. O-O Be7 19. f5 Nc3 20. Bxc3 Rxc3 21. cxd5 Qb6+ 22. Kh1 exf5 23. Qd2 Ra3 24. Qc2 O-O 25. Bxf5 Bxf5 26. Qxf5 Qb5 27. e6 f6 28. Nd4 Qc4 29. Qf4 g5 30. Qf2 Ra2 31. Qg1 Qxd5 32. Nf5 Re8 33. Rbd1 Qc6 34. b5 Qc4 35. Qb6 Bc5 36. Qxb7 Ra7 37. Qc6 Rxe6 38. Qc8+ Kf7 39. Nh6+ Kg7 40. Rc1 1-0

[Event "Czech Open GM 2019"]
[Site "Pardubice"]
[Date "2019.07.23"]
[Round "5.12"]
[White "Van Osch, Mees"]
[Black "Vorobiov, Evgeny E."]
[Result "1/2-1/2"]
[WhiteElo "2316"]
[BlackElo "2578"]
[Annotator "ChessBase"]
[PlyCount "44"]
[EventDate "2019.07.19"]
[EventType "swiss"]
[EventCountry "CZE"]
[SourceTitle "playchess.com"]
[Source "ChessBase"]
[SourceQuality "1"]

1. e4 c5 2. Nf3 e6 3. d4 cxd4 4. Nxd4 Nc6 5. Nc3 Qc7 6. Be3 a6 7. Qd2 Nf6 8. f4 b5 9. e5 b4 10. Ncb5 axb5 11. Nxb5 Qb8 12. exf6 gxf6 13. c4 bxc3 14. bxc3 Na7 15. Rb1 Nxb5 16. Bxb5 Qd6 17. Qxd6 Bxd6 18. a4 Ke7 19. c4 Bb7 20. Kf2 Be4 21. Rbd1 Rhd8 22. Rd4 Bc6 1/2-1/2

[Event "Czech Open GM 2019"]
[Site "Pardubice"]
[Date "2019.07.23"]
[Round "5.13"]
[White "Pulpan, Jakub"]
[Black "Grieve, Harry"]
[Result "1/2-1/2"]
[WhiteElo "2414"]
[BlackElo "2235"]
[Annotator "NA"]
[PlyCount "33"]
[EventDate "2019.07.19"]
[EventType "swiss"]
[EventCountry "CZE"]
[SourceTitle "playchess.com"]
[Source "ChessBase"]
[SourceQuality "1"]

1. e4 c5 2. Nf3 e6 3. d4 cxd4 4. Nxd4 Nc6 5. Nc3 Qc7 6. Be3 a6 7. a3 b5 8. Nxc6 Qxc6 9. f4 Bb7 10. Bd3 Nf6 11. Bd4 Bc5 12. Bxc5 Qxc5 13. Qe2 d6 14. O-O-O b4 15. axb4 Qxb4 16. Qe1 O-O 17. Na2 1/2-1/2

[Event "Czech Open GM 2019"]
[Site "Pardubice"]
[Date "2019.07.23"]
[Round "5.13"]
[White "De Rover, Yong Hoon"]
[Black "Krejci, Jan"]
[Result "0-1"]
[WhiteElo "2391"]
[BlackElo "2578"]
[Annotator "ChessBase"]
[PlyCount "44"]
[EventDate "2019.07.19"]
[EventType "swiss"]
[EventCountry "CZE"]
[SourceTitle "playchess.com"]
[Source "ChessBase"]
[SourceQuality "1"]

1. e4 e5 2. Nf3 Nc6 3. Bb5 a6 4. Ba4 Nf6 5. O-O Be7 6. Re1 b5 7. Bb3 O-O 8. h3 Bb7 9. c3 d5 10. exd5 Nxd5 11. d3 Qd7 12. a4 Rae8 13. axb5 axb5 14. Na3 Bxa3 15. Rxa3 b4 16. cxb4 Ndxb4 17. Ba4 Qd6 18. Be3 Rd8 19. Bg5 f6 20. Bd2 Kh8 21. Bb5 Ne7 22. Ra7 Bxf3 0-1

[Event "Czech Open GM 2019"]
[Site "Pardubice"]
[Date "2019.07.23"]
[Round "5.14"]
[White "Plat, Vojtech"]
[Black "Schmidek, Emil"]
[Result "1-0"]
[WhiteElo "2548"]
[BlackElo "2391"]
[Annotator "ChessBase"]
[PlyCount "81"]
[EventDate "2019.07.19"]
[EventType "swiss"]
[EventCountry "CZE"]
[SourceTitle "playchess.com"]
[Source "ChessBase"]
[SourceQuality "1"]

1. c4 Nf6 2. Nc3 g6 3. g3 d5 4. cxd5 Nxd5 5. Qa4+ Bd7 6. Qb3 Nb6 7. Nf3 Bg7 8. Bg2 O-O 9. O-O c5 10. d3 Nc6 11. Ne4 c4 12. dxc4 Na5 13. Qb4 Naxc4 14. Rd1 a5 15. Qe1 Qc7 16. Rb1 f5 17. Nc3 a4 18. Nd4 Qc5 19. b4 axb3 20. Nxb3 Qc8 21. Bg5 e6 22. Rbc1 Bc6 23. Bxc6 Qxc6 24. Nd4 Qe8 25. Ncb5 Qf7 26. Qb4 e5 27. Nf3 Ra4 28. Qb3 h6 29. Bd8 e4 30. Nh4 g5 31. Nxf5 e3 32. Bxb6 Nxb6 33. Rc7 exf2+ 34. Kf1 Qxb3 35. axb3 Rxf5 36. bxa4 Nd5 37. Rc8+ Bf8 38. Rd3 Nb6 39. Rb8 Nc4 40. Nd6 Nxd6 41. Rxd6 1-0

[Event "Czech Open GM 2019"]
[Site "Pardubice"]
[Date "2019.07.23"]
[Round "5.14"]
[White "Svanda, Ondrej"]
[Black "Siddharth, Jagadeesh"]
[Result "1-0"]
[WhiteElo "2234"]
[BlackElo "2410"]
[Annotator "TA"]
[PlyCount "73"]
[EventDate "2019.07.19"]
[EventType "swiss"]
[EventCountry "CZE"]
[SourceTitle "playchess.com"]
[Source "ChessBase"]
[SourceQuality "1"]

1. e4 c5 2. Nf3 Nc6 3. Nc3 e5 4. Bc4 Be7 5. d3 d6 6. Nd2 Nf6 7. Nf1 Bg4 8. f3 Be6 9. Ne3 O-O 10. O-O a6 11. a4 Nb4 12. Bd2 b6 13. Qe2 Ra7 14. f4 exf4 15. Rxf4 Ne8 16. Ncd5 Bxd5 17. Bxd5 Bg5 18. Rf2 Bxe3 19. Bxe3 Nxd5 20. exd5 Re7 21. Qf3 Nc7 22. c4 Qd7 23. b3 Rfe8 24. Bd2 Rb8 25. Qg3 Ne8 26. Bg5 Re5 27. Bf4 Re7 28. Bg5 Re5 29. Bf4 Rh5 30. Re1 b5 31. axb5 axb5 32. Rfe2 Rd8 33. Bg5 f6 34. Re7 Qf5 35. Qe3 Nc7 36. Rxc7 Rxg5 37. Qe8+ 1-0

[Event "Czech Open GM 2019"]
[Site "Pardubice"]
[Date "2019.07.23"]
[Round "5.15"]
[White "Sarkar, Justin"]
[Black "Lintchevski, Daniil"]
[Result "0-1"]
[WhiteElo "2389"]
[BlackElo "2534"]
[Annotator "ChessBase"]
[PlyCount "70"]
[EventDate "2019.07.19"]
[EventType "swiss"]
[EventCountry "CZE"]
[SourceTitle "playchess.com"]
[Source "ChessBase"]
[SourceQuality "1"]

1. d4 Nf6 2. c4 e6 3. Nc3 Bb4 4. e3 O-O 5. Bd3 d5 6. Nf3 dxc4 7. Bxc4 b6 8. O-O Bb7 9. Qe2 Nbd7 10. Rd1 Qb8 11. a3 Bxc3 12. bxc3 c5 13. Bb2 Qc7 14. Bb3 Rfd8 15. c4 Nf8 16. d5 Qe7 17. dxe6 Nxe6 18. Ne5 Nd7 19. Nxd7 Rxd7 20. Rxd7 Qxd7 21. Rd1 Qe7 22. Rd2 Rd8 23. f3 Bc6 24. Qd1 f6 25. Rxd8+ Qxd8 26. Qxd8+ Nxd8 27. Kf2 Bd7 28. Ke2 Nb7 29. Bc3 Be6 30. a4 Nd6 31. Kd3 a6 32. e4 b5 33. axb5 axb5 34. e5 fxe5 35. Bxe5 bxc4+ 0-1

[Event "Czech Open GM 2019"]
[Site "Pardubice"]
[Date "2019.07.23"]
[Round "5.15"]
[White "Hrdina, Robin"]
[Black "Rozman, Levy"]
[Result "1/2-1/2"]
[WhiteElo "2229"]
[BlackElo "2382"]
[Annotator "NA"]
[PlyCount "137"]
[EventDate "2019.07.19"]
[EventType "swiss"]
[EventCountry "CZE"]
[SourceTitle "playchess.com"]
[Source "ChessBase"]
[SourceQuality "1"]

1. e4 c6 2. d4 d5 3. Nd2 dxe4 4. Nxe4 Bf5 5. Ng3 Bg6 6. h4 h6 7. Nf3 Nd7 8. h5 Bh7 9. Bd3 Bxd3 10. Qxd3 e6 11. Bd2 Ngf6 12. O-O-O Be7 13. Ne4 Nxe4 14. Qxe4 Nf6 15. Qe2 Qd5 16. Kb1 a5 17. c4 Qf5+ 18. Ka1 a4 19. a3 O-O 20. Ne5 c5 21. g4 Qe4 22. Qxe4 Nxe4 23. Be3 Rfd8 24. f3 cxd4 25. Bxd4 Bc5 26. fxe4 Bxd4 27. Nf3 Bf6 28. Kb1 Rdc8 29. Rc1 Ra5 30. Rhd1 Rac5 31. Rd7 Rxc4 32. Rxc4 Rxc4 33. e5 Bg5 34. Rd4 Rc1+ 35. Ka2 b5 36. Re4 Kf8 37. Rb4 Rc5 38. Nd4 Rxe5 39. Nxb5 Bd2 40. Rd4 Rxb5 41. Rxd2 f5 42. gxf5 Rxf5 43. Rd4 Rxh5 44. Rxa4 g5 45. Re4 Ke7 46. b4 Rh4 47. Re1 g4 48. b5 g3 49. b6 Kd7 50. Rc1 Rg4 51. b7 Rg8 52. a4 Rb8 53. Rg1 Rxb7 54. Rxg3 Kd6 55. Rh3 Rh7 56. Kb3 Kd5 57. Kc3 Ke4 58. a5 e5 59. a6 h5 60. Kd2 Kf4 61. Rh4+ Kf3 62. Rh3+ Kf4 63. Rh4+ Kg3 64. Ra4 Ra7 65. Ke3 h4 66. Ke4 h3 67. Ra3+ Kg4 68. Ra2 Kg3 69. Kxe5 1/2-1/2

[Event "Czech Open GM 2019"]
[Site "Pardubice"]
[Date "2019.07.23"]
[Round "5.16"]
[White "Noe, Christopher"]
[Black "Yagupov, Igor"]
[Result "1-0"]
[WhiteElo "2534"]
[BlackElo "2385"]
[Annotator "TA"]
[PlyCount "105"]
[EventDate "2019.07.19"]
[EventType "swiss"]
[EventCountry "CZE"]
[SourceTitle "playchess.com"]
[Source "ChessBase"]
[SourceQuality "1"]

1. d4 d5 2. c4 c6 3. Nc3 Nf6 4. e3 e6 5. Nf3 Nbd7 6. Qc2 Bd6 7. Bd3 O-O 8. O-O dxc4 9. Bxc4 a6 10. e4 e5 11. Rd1 Qc7 12. h3 b5 13. Bb3 exd4 14. Nxd4 Nc5 15. Bg5 Be5 16. Bxf6 Bxf6 17. Nxc6 Nxb3 18. Nd5 Nxa1 19. Qc5 Qb7 20. Nce7+ Bxe7 21. Nxe7+ Kh8 22. Ng6+ hxg6 23. Qxf8+ Kh7 24. Rd8 g5 25. Qh8+ Kg6 26. Rg8 f5 27. exf5+ Bxf5 28. Rxa8 Be6 29. Qe8+ Bf7 30. Qc8 Qe4 31. Rxa6+ Kh7 32. Qg4 Qe1+ 33. Kh2 Qxf2 34. Qe4+ g6 35. Qe5 Qf4+ 36. Qxf4 gxf4 37. Rc6 Bc4 38. b3 Bd3 39. a4 Nxb3 40. Rc3 bxa4 41. Rxd3 Kh6 42. h4 Kh5 43. Kh3 g5 44. hxg5 Kxg5 45. Rd5+ Kf6 46. Kg4 Ke6 47. Rd8 Ke5 48. Ra8 Nc5 49. Kf3 Kd5 50. Kxf4 Kc4 51. g4 Kb3 52. Kf5 a3 53. g5 1-0

[Event "Czech Open GM 2019"]
[Site "Pardubice"]
[Date "2019.07.23"]
[Round "5.16"]
[White "Lorscheid, Gerhard"]
[Black "Suleymenov, Alisher"]
[Result "1/2-1/2"]
[WhiteElo "2228"]
[BlackElo "2376"]
[Annotator "NA"]
[PlyCount "78"]
[EventDate "2019.07.19"]
[EventType "swiss"]
[EventCountry "CZE"]
[SourceTitle "playchess.com"]
[Source "ChessBase"]
[SourceQuality "1"]

1. d4 e6 2. c4 b6 3. d5 Bb7 4. a3 Nf6 5. Nc3 Bd6 6. Nf3 O-O 7. Bg5 h6 8. Bh4 Na6 9. e3 Be7 10. dxe6 fxe6 11. b4 c5 12. b5 Nc7 13. Qc2 d5 14. Rd1 Ne4 15. Bxe7 Qxe7 16. Nxe4 dxe4 17. Ne5 Rfd8 18. Rxd8+ Rxd8 19. Qb2 Qg5 20. h4 Qf6 21. g4 g5 22. hxg5 hxg5 23. Nd3 Qxb2 24. Nxb2 Ne8 25. Rh5 Nf6 26. Rxg5+ Kf7 27. Be2 Rh8 28. Nd1 a6 29. a4 axb5 30. axb5 Rh1+ 31. Kd2 Rg1 32. Nc3 Ra1 33. Bd1 Ra3 34. Bc2 Ra8 35. Na4 Rd8+ 36. Ke2 Rd6 37. Nc3 Rd8 38. Na4 Rd6 39. Nc3 Rd8 1/2-1/2

[Event "Czech Open GM 2019"]
[Site "Pardubice"]
[Date "2019.07.23"]
[Round "5.17"]
[White "Manik, Mikulas"]
[Black "Deepan Chakkravarthy J."]
[Result "0-1"]
[WhiteElo "2377"]
[BlackElo "2532"]
[Annotator "TA"]
[PlyCount "113"]
[EventDate "2019.07.19"]
[EventType "swiss"]
[EventCountry "CZE"]
[SourceTitle "playchess.com"]
[Source "ChessBase"]
[SourceQuality "1"]

1. e4 e5 2. Nf3 Nc6 3. Bb5 a6 4. Ba4 Nf6 5. O-O Be7 6. d3 b5 7. Bb3 d6 8. a3 O-O 9. Nc3 Be6 10. Nd5 Na5 11. Ba2 Nxd5 12. exd5 Bg4 13. h3 Bh5 14. Qe1 Nb7 15. Nh2 Nc5 16. b4 Nd7 17. c4 f5 18. Bb3 Bf6 19. Ra2 Kh8 20. Kh1 Re8 21. f3 Bh4 22. g3 Bf6 23. Rg2 Bg6 24. Qd1 bxc4 25. dxc4 a5 26. b5 Bg5 27. f4 exf4 28. gxf4 Bf6 29. Bc2 Nc5 30. Nf3 Ne4 31. Ng5 Qd7 32. Bxe4 fxe4 33. f5 Bxg5 34. Rxg5 e3 35. Qf3 e2 36. Re1 Rf8 37. Rxe2 Bxf5 38. Kh2 Bg6 39. Qg4 Qxg4 40. Rxg4 Bh5 41. Re7 Bxg4 42. hxg4 Rf2+ 43. Kg3 Raf8 44. g5 Rc2 45. Rxc7 Rxc1 46. b6 Rg1+ 47. Kh2 Rb1 48. b7 Kg8 49. c5 dxc5 50. d6 Rf2+ 51. Kg3 Rd2 52. d7 Kf8 53. Rc8+ Ke7 54. b8=Q Rxb8 55. Rxb8 Rxd7 56. Rb5 Rd2 57. Rb8 0-1